The RF transmission systems handbook (Record no. 588272)

000 -LEADER
fixed length control field 00680cam a22001934a 4500
020 ## - INTERNATIONAL STANDARD BOOK NUMBER
International Standard Book Number 0849309735 (alk. paper)
082 00 - DEWEY DECIMAL CLASSIFICATION NUMBER
Classification number 621.38411
245 04 - TITLE STATEMENT
Title The RF transmission systems handbook
Statement of responsibility, etc. edited by Jerry C. Whitaker.
260 ## - PUBLICATION, DISTRIBUTION, ETC.
Place of publication, distribution, etc. Boca Raton, Fla. :
Name of publisher, distributor, etc. CRC Press,
Date of publication, distribution, etc. c2002.
300 ## - PHYSICAL DESCRIPTION
Extent 1 v. (various pagings) :
Other physical details ill. ;
Dimensions 26 cm.
504 ## - BIBLIOGRAPHY, ETC. NOTE
Bibliography, etc. note Includes bibliographical references and index.
650 #0 - SUBJECT ADDED ENTRY--TOPICAL TERM
Topical term or geographic name entry element Radio
700 1# - ADDED ENTRY--PERSONAL NAME
Personal name Whitaker, Jerry C.
942 ## - ADDED ENTRY ELEMENTS (KOHA)
Source of classification or shelving scheme
Koha item type Book
440 #0 - SERIES STATEMENT/ADDED ENTRY--TITLE
-- 89636
650 #0 - SUBJECT ADDED ENTRY--TOPICAL TERM
-- 89637
700 1# - ADDED ENTRY--PERSONAL NAME
-- 89638
Holdings
Withdrawn status Lost status Source of classification or shelving scheme Damaged status Not for loan Permanent Location Current Location Date acquired Total Checkouts Full call number Barcode Date last seen Price effective from Koha item type
          Central Library (CL) Central Library (CL) 02/25/2022   621.38411 TRA CL-954 02/25/2022 02/25/2022 Book
© 2023 Central Library, National University of Sciences and Technology. All Rights Reserved.